00780nam a2200193 a 450000100100000000500170001000800410002702000150006804000250008308200150010810000240012324500650014726000420021230000280025459000750028259000260035795201860038399900170056900003532320200930074246.0111027s1979 sp a 000 0 spa d a8427004923 aDO-SdBNPbspacBNPHU axxxxbxxxx1 aBernau, Lutz96109610aAlivie sus dolores mediante la digitopuntura /cLutz Bernau. aBarcelona, :bMartínez Roca,c1979. a209 p. :bil. ;c20 cm. aPerteneció a la biblioteca personal de Juan Isidro Jimenes-Grullón aInventariado, 2019/VM 001050718MOaGRbGRcHDd2011-10-27iLF1l0oxxxx xxxxp35323-10r2020-06-25w2020-06-25y1zPerteneció a la biblioteca personal de Juan Isidro Jimenes Grullón.ZNo se presta c34814d34814